| 000 -LEADER |
| fixed length control field |
00761cam a22002297a 4500 |
| 001 - CONTROL NUMBER |
| control field |
9843 |
| 003 - CONTROL NUMBER IDENTIFIER |
| control field |
BD-DhUAP |
| 005 - DATE AND TIME OF LATEST TRANSACTION |
| control field |
20210130095508.0 |
| 008 - FIXED-LENGTH DATA ELEMENTS--GENERAL INFORMATION |
| fixed length control field |
100511s2009 it a b 000 0deng |
| 020 ## - INTERNATIONAL STANDARD BOOK NUMBER |
| International Standard Book Number |
3823855441 |
| 040 ## - CATALOGING SOURCE |
| Original cataloging agency |
BD-DhUAP |
| Transcribing agency |
BD-DhUAP |
| Modifying agency |
BD-DhUAP |
| Language of cataloging |
Eng |
| 082 00 - DEWEY DECIMAL CLASSIFICATION NUMBER |
| Classification number |
709.2 BUO |
| Edition number |
23 |
| 100 ## - MAIN ENTRY--PERSONAL NAME |
| Personal name |
Michelangelo Buonarroti |
| 245 ## - TITLE STATEMENT |
| Title |
Michelangelo Buonarroti / |
| Statement of responsibility, etc. |
Michelangelo Buonarroti ; edited by Paco Asensio and Sol Kliczkowski. |
| 260 ## - PUBLICATION, DISTRIBUTION, ETC. |
| Place of publication, distribution, etc. |
Düsseldorf : |
| Name of publisher, distributor, etc. |
TeNeues, |
| Date of publication, distribution, etc. |
c2002. |
| 300 ## - PHYSICAL DESCRIPTION |
| Extent |
80 pages : |
| Other physical details |
illustrations ; |
| Dimensions |
23 cm. |
| 504 ## - BIBLIOGRAPHY, ETC. NOTE |
| Bibliography, etc. note |
Includes bibliographical references. |
| 600 ## - SUBJECT ADDED ENTRY--PERSONAL NAME |
| Personal name |
Michelangelo Buonarroti, |
| Dates associated with a name |
1475-1564 |
| Form subdivision |
Criticism and interpretation. |
| 700 ## - ADDED ENTRY--PERSONAL NAME |
| Personal name |
Asensio, Paco |
| 700 ## - ADDED ENTRY--PERSONAL NAME |
| Personal name |
Kliczkowski, Sol |
| 942 ## - ADDED ENTRY ELEMENTS (KOHA) |
| Source of classification or shelving scheme |
|
| Koha item type |
Book |